书目信息 |
| 题名: |
物性分析仪器
|
|
| 作者: | 李玉忠 主编 | |
| 分册: | ||
| 出版信息: | 北京 化学工业出版社 2005 |
|
| 页数: | 375页 | |
| 开本: | 25cm | |
| 丛书名: | 分析仪器使用与维护丛书 | |
| 单 册: | ||
| 中图分类: | TH83 | |
| 科图分类: | ||
| 主题词: | 物理性质--分析仪器 , 物理性能 , 分析仪器 | |
| 电子资源: | ||
| ISBN: | 7-5025-6931-6 | |
| 000 | 00901oam2 2200277 450 | |
| 001 | 012007211631 | |
| 005 | 20070517114504.76 | |
| 010 | @a7-5025-6931-6@b精装@dCNY45.00 | |
| 100 | @a20070512d2005 km y0chiy0120 ea | |
| 101 | 0 | @achi |
| 102 | @aCN@b110000 | |
| 105 | @ay z 000yy | |
| 106 | @ar | |
| 200 | 1 | @a物性分析仪器@Awu xing fen xi yi qi@f李玉忠主编@Fli yu zhong zhu bian |
| 210 | @a北京@c化学工业出版社@d2005 | |
| 215 | @a375页@d25cm | |
| 225 | 2 | @a分析仪器使用与维护丛书 |
| 330 | @a本书系统介绍了水分仪器、湿度仪器、黏度仪器、黏与流变性仪器、密度仪器、粒度仪器和浊度仪器、石油物性分析仪器等的基本知识、基本方法及最新成果。 | |
| 461 | 0 | @12001 @a分析仪器使用与维护丛书 |
| 606 | 0 | @a物理性质@x分析仪器 |
| 606 | 0 | @a物理性能 |
| 606 | 0 | @a分析仪器 |
| 690 | @aTH83@v4 | |
| 701 | 0 | @a李玉忠@Ali yu zhong@c(仪器仪表)@4主编 |
| 801 | 0 | @aCN@bRULIN@c20070517 |
| 905 | @dTH83@e15@s8 | |
| 物性分析仪器/李玉忠主编.-北京:化学工业出版社,2005 |
| 375页;25cm.-(分析仪器使用与维护丛书) |
| ISBN 7-5025-6931-6(精装):CNY45.00 |
| 本书系统介绍了水分仪器、湿度仪器、黏度仪器、黏与流变性仪器、密度仪器、粒度仪器和浊度仪器、石油物性分析仪器等的基本知识、基本方法及最新成果。 |
| ● |
| 相关链接 |
|
|
|
|
正题名:物性分析仪器
索取号:TH83/15
 
预约/预借
| 序号 | 登录号 | 条形码 | 馆藏地/架位号 | 状态 | 备注 |
| 1 | 0574839 | 205748397 | 第二样本阅览室/ [索取号:TH83/15] | 在馆 | |
| 2 | 0574840 | 205748404 | 第三借阅区/ [索取号:TH83/15] | 在馆 | |
| 3 | 0574841 | 205748413 | 第三借阅区/ [索取号:TH83/15] | 在馆 | |
| 4 | 0574842 | 205748422 | 第三借阅区/ [索取号:TH83/15] | 在馆 | |
| 5 | 0574843 | 205748431 | 第三借阅区/ [索取号:TH83/15] | 在馆 | |
| 6 | 0574844 | 205748440 | 第三借阅区/ [索取号:TH83/15] | 在馆 | |
| 7 | 0574845 | 205748459 | 第三借阅区/ [索取号:TH83/15] | 在馆 | |
| 8 | 0574846 | 205748468 | 第三借阅区/ [索取号:TH83/15] | 在馆 |